[Event "EYg16, Budva YUG"]
[Site "?"]
[Date "2003.??.??"]
[Round "9"]
[White "Zawadzka, J."]
[Black "Vasiliev, Olg"]
[Result "1-0"]
[WhiteElo "2275"]
[BlackElo "2185"]
[PlyCount "83"]
[EventDate "2003.??.??"]

1. e4 c5 2. Nf3 Nc6 3. d4 cxd4 4. Nxd4 e5 5. Nb5 d6 6. N1c3 a6 7. Na3 b5 8. Nd5
Nge7 9. Bg5 f6 10. Qh5+ Ng6 11. Be3 Be7 12. Bb6 Qd7 13. Nc7+ Kf8 14. Nxa8 Qb7
15. Be3 Qxa8 16. c3 Nf4 17. Qd1 Be6 18. g3 Ng6 19. h4 h5 20. Bh3 Bf7 21. Bg2
Kg8 22. Nc2 Na5 23. Nb4 f5 24. Nd5 Bxd5 25. Qxd5+ Qxd5 26. exd5 Nc4 27. b3 Nxe3
28. fxe3 e4 29. O-O Bf6 30. Rac1 Ne7 31. c4 bxc4 32. bxc4 g6 33. Rb1 Kg7 34.
Rb6 Rc8 35. Rxd6 Rxc4 36. Rb1 Be5 37. Rd7 Rc7 38. Rxc7 Bxc7 39. Kf2 Nxd5 40.
Bf1 Kf6 41. Bxa6 Ke7 42. Bc4 1-0

[Event "EYg16, Budva YUG"]
[Site "?"]
[Date "2003.??.??"]
[Round "9"]
[White "Padurariu, S."]
[Black "Burtasova, A."]
[Result "1-0"]
[WhiteElo "2100"]
[BlackElo "2200"]
[PlyCount "141"]
[EventDate "2003.??.??"]

1. e4 c5 2. Nc3 Nc6 3. f4 g6 4. Nf3 Bg7 5. Bb5 Nd4 6. O-O Nxb5 7. Nxb5 d5 8.
exd5 a6 9. Na3 Qxd5 10. d3 b5 11. c4 Qb7 12. Ne5 Nh6 13. Be3 b4 14. Nc2 Qc7 15.
d4 Nf5 16. Bf2 O-O 17. d5 Bb7 18. Nd3 Nd6 19. Nxc5 Nxc4 20. Nxb4 Nxb2 21. Qe2
Qxf4 22. Qxe7 Qxb4 23. Qxb7 Qxb7 24. Nxb7 Rfb8 25. Na5 Nd3 26. Rad1 Nxf2 27.
Rxf2 Rd8 28. Nc6 Rd6 29. Re2 Kf8 30. Kf2 Rc8 31. Rc2 Ke8 32. Re1+ Kf8 33. Rd1
Ke8 34. Rd3 Kd7 35. Ke2 Re8+ 36. Kd2 Rf6 37. Rf3 Rxf3 38. gxf3 Kd6 39. Nb4 a5
40. Rc6+ Ke5 41. Nd3+ Kxd5 42. Rc5+ Kd4 43. Rxa5 Bh6+ 44. f4 Re7 45. Ra4+ Kd5
46. Rb4 Ra7 47. a4 Bf8 48. Rb5+ Ke4 49. a5 Bd6 50. Ke2 Kd4 51. h3 Kc4 52. Rb6
Bc7 53. Rc6+ Kd5 54. Nb4+ Ke4 55. Rc4+ Kf5 56. Rc5+ Ke4 57. Rc4+ Kf5 58. Rc5+
Ke6 59. Rc6+ Kd7 60. Rc5 Ke6 61. Rc6+ Kd7 62. Rf6 Ke8 63. a6 Bd8 64. Rc6 Kd7
65. Rc4 Ba5 66. Nc6 Ra8 67. Ne5+ Ke6 68. Rc6+ Kf5 69. Kf3 f6 70. Ng4 Rd8 71.
Nh6# 1-0

[Event "EYg16, Budva YUG"]
[Site "?"]
[Date "2003.??.??"]
[Round "9"]
[White "Raeva, E."]
[Black "Kovanova, B."]
[Result "0-1"]
[WhiteElo "2190"]
[BlackElo "2180"]
[PlyCount "98"]
[EventDate "2003.??.??"]

1. c4 e5 2. Nc3 Nf6 3. e4 Nc6 4. g3 g6 5. Bg2 Bg7 6. Nge2 O-O 7. O-O d6 8. d3
Nh5 9. Nd5 f5 10. Nec3 f4 11. Bf3 Bh3 12. Bxh5 gxh5 13. Qxh5 Bxf1 14. Kxf1 Nd4
15. gxf4 c6 16. Ne3 exf4 17. Ng2 Ne6 18. Qg4 Qf6 19. Nh4 Nd4 20. Rb1 Rae8 21.
Ne2 Nxe2 22. Kxe2 Qe6 23. Qxe6+ Rxe6 24. Kf3 Rh6 25. Nf5 Rh3+ 26. Kg4 Rxd3 27.
Bxf4 Be5 28. Rg1 Kf7 29. Rg3 Rg8+ 30. Kh5 Rgxg3 31. hxg3 Bxf4 32. gxf4 Kf6 33.
Nxd6 Rf3 34. Kg4 Rxf2 35. e5+ Ke6 36. Nxb7 h5+ 37. Kg3 Rxb2 38. Nc5+ Kf5 39. a4
Rc2 40. e6 Kf6 41. Nd7+ Kxe6 42. Ne5 c5 43. Kh4 Kf5 44. Nc6 Rxc4 45. Nxa7 Rxa4
46. Nb5 Rxf4+ 47. Kxh5 Rf1 48. Kh4 c4 49. Kg3 Ke5 0-1

[Event "EYg16, Budva YUG"]
[Site "?"]
[Date "2003.??.??"]
[Round "9"]
[White "Efremova, Y."]
[Black "Klimets, E."]
[Result "0-1"]
[WhiteElo "2230"]
[BlackElo "2000"]
[PlyCount "107"]
[EventDate "2003.??.??"]

1. b3 e5 2. Bb2 Nc6 3. d3 d6 4. Nf3 f5 5. e4 Nf6 6. Nbd2 g6 7. g3 Bg7 8. Bg2
fxe4 9. dxe4 O-O 10. O-O Bd7 11. h3 a5 12. a4 Bh6 13. Kh2 Qc8 14. Qe2 Nh5 15.
Ng1 Be6 16. Ndf3 Qd7 17. Rad1 Qe7 18. Bc1 Bxc1 19. Rxc1 Nb4 20. Qe3 Na6 21.
Rcd1 Nc5 22. Rd2 Bd7 23. c4 Bc6 24. Ne1 Ra6 25. Nc2 Rb6 26. Na1 Rb4 27. Ne2 Nf6
28. f3 Nfd7 29. Nc1 Rb6 30. Re1 Ne6 31. Nc2 Ndc5 32. h4 g5 33. hxg5 Qxg5 34.
Qxg5+ Nxg5 35. Re3 Rf6 36. Na3 Be8 37. Nc2 Bh5 38. Ne1 Nce6 39. Ne2 Ra6 40. Bh3
Nc5 41. Bf5 Bg6 42. Bg4 h5 43. Bh3 Rb6 44. Nc1 Kg7 45. Kg2 Be8 46. Bf5 Bd7 47.
Bxd7 Nxd7 48. Rdd3 Ne6 49. Nc2 Ndc5 50. Rd1 Rg6 51. Kf2 Rg5 52. Rd2 Kh6 53. Ne1
Nd4 54. Ned3 0-1

[Event "EYg16, Budva YUG"]
[Site "?"]
[Date "2003.??.??"]
[Round "9"]
[White "Khudaverdieva, A."]
[Black "Polagaeva, K."]
[Result "1/2-1/2"]
[WhiteElo "2075"]
[BlackElo "2190"]
[PlyCount "43"]
[EventDate "2003.??.??"]

1. d4 Nf6 2. c4 e6 3. Nc3 Bb4 4. Qc2 O-O 5. Bg5 d5 6. cxd5 exd5 7. e3 h6 8. Bh4
Be6 9. Bd3 Nbd7 10. Nf3 c5 11. O-O Rc8 12. Qe2 cxd4 13. Nxd4 Bxc3 14. bxc3 Rxc3
15. Nb5 Rc5 16. Nxa7 Ne5 17. Nb5 Qd7 18. Nd4 Ne4 19. Nb3 Nxd3 20. Qxd3 Rc3 21.
Qe2 Rfc8 22. Nd4 1/2-1/2